Mots: nourriture en N (FR --> EN) - Statistiques

Statistiques générales
  • Ce quiz a été pris 20 fois
  • Le résultat moyen est 5 sur 7
Statistiques - réponses
Hint Réponse % Correct
Noix Nut
100%
Noix de coco Coconut
93%
Nouilles Noodles
86%
Nougat Nougat
86%
Nectarine Nectarine
71%
Noisette Hazelnut
57%
Navet Turnip
21%
Aucun quiz correspondant
Distribution des résultats
% des personnes avec chaque résultat
Percentile par nombre de réponses
Votre historique - résultats
Vous n’avez pas pris ce quiz